000 00971cab a2200181 4500
001 ##L133027
008 060404n2006 000 0 eng u
035 _a(Sirsi) u133027
041 0 _aeng
100 1 _aLeftly, Mark
245 0 0 _aPFI
_bhow the changes affect you
260 _c2006
490 0 _aBuilding
_v271(8424) 31 March 2006, 24-27(4)
520 _aExamines the principal changes to the PFI outlined in a document which accompanied the Budget statement, and considers the advantages and challenges which they pose. Looks at user satisfaction, the lack of project management skills in the public sector, shortening of contract length, the establishment of a project delivery organisation, the design process, debt funding competitions, the establishment of an operational taskforce, and the strengthening of the value for money test to deal with soft services, ie catering and cleaning.
590 _aIKA110406
690 _aProcurement
_96260
942 _n0
999 _c76751
_d76751